Juristische semantik: grundfragen der juristischen interpretationstheorie in sprachwissenschaftlicher sicht

Saved in:
書目詳細資料
主要作者: Busse, Dietrich (Author)
格式: 圖書
語言:德语
出版: Berlín Duncker and Humblot 1993
版:2a. ed
叢編:Schriften zur Rechtstheorie, 157
主題:
標簽: 添加標簽
沒有標簽, 成為第一個標記此記錄!

MARC

LEADER 00000cam a2200000 a 4500
001 UCD0995
003 CL-VaPUC
008 151231e19930000gw |||||||||||||||||ger|d
020 |a 9783428134274 
082 0 4 |a 340.1  |b BUS  |2 21 
100 0 |a Busse, Dietrich  |e author  |9 584070 
245 1 0 |a Juristische semantik: grundfragen der juristischen interpretationstheorie in sprachwissenschaftlicher sicht 
250 |a 2a. ed 
300 |a 314 p 
942 |c BK 
945 |d 20151231 00:35:00  |a arojas 
260 |a Berlín  |b Duncker and Humblot  |c 1993 
650 0 |a Teoría del derecho  |9 255982 
650 7 |a INTERPRETACION DEL DERECHO  |2 CL-VaPUC  |9 584071 
650 0 |a Argumentación jurídica  |9 469614 
650 0 |a Filosofía del derecho   |9 255050 
650 7 |a TERMINOLOGIA JURIDICA  |2 CL-VaPUC  |9 405257 
583 |a last modification  |c 20151231 00:35:00  |k Rodrigo Vera 
490 0 |a Schriften zur Rechtstheorie, 157 
999 |c 362426  |d 362424 
952 |0 0  |1 0  |3 erb  |4 0  |6 340_100000000000000_BUS_1993  |7 0  |8 A  |9 473694  |a BIBDER  |b BIBDER  |i 5258685  |l 1  |m 6  |o 340.1 BUS 1993  |p 5258685  |q 2025-12-31  |r 2020-02-26  |s 2020-02-26  |w 2019-11-24  |y BK  |z Catalogado en:20151231  |k DER